[Event "Asian Nations Cup - Women"]
[Site "http://asianchess.com/live/mnations/ancw/"]
[Date "2016.03.28"]
[Round "1"]
[Board "2"]
[White "Zhao, Xue"]
[Black "Abdumalik, Zhansaya"]
[Result "1/2-1/2"]
[WhiteElo "2504"]
[BlackElo "2381"]
[PlyCount "0"]
[EventDate "2016.03.28"]
[EventType "team"]
[EventRounds "9"]
[EventCountry "UAE"]
[WhiteTeam "China"]
[BlackTeam "Kazakhstan"]

1. d4 {[%clk 1:30:49]} Nf6 {[%clk 1:30:51]} 2. c4 {[%clk 1:31:10]} g6
{[%clk 1:31:15]} 3. Nc3 {[%clk 1:30:51]} d5 {[%clk 1:31:06]} 4. Bg5
{[%clk 1:30:57]} Bg7 {[%clk 1:29:34]} 5. Bxf6 {[%clk 1:29:17]} Bxf6
{[%clk 1:29:27]} 6. cxd5 {[%clk 1:29:37]} c5 {[%clk 1:25:58]} 7. dxc5
{[%clk 1:29:54]} Nd7 {[%clk 1:24:52]} 8. e3 {[%clk 1:26:51]} Qa5 {[%clk 1:15:34]}
9. Nge2 {[%clk 1:16:04]} Nxc5 {[%clk 1:13:09]} 10. Nd4 {[%clk 1:16:27]} O-O
{[%clk 1:11:38]} 11. Bc4 {[%clk 1:12:29]} Qb4 {[%clk 1:06:05]} 12. Bb3
{[%clk 0:58:12]} a5 {[%clk 1:03:15]} 13. O-O {[%clk 0:56:59]} Bd7
{[%clk 0:56:11]} 14. Rb1 {[%clk 0:40:33]} Bxd4 {[%clk 0:46:09]} 15. exd4
{[%clk 0:22:59]} Nxb3 {[%clk 0:46:27]} 16. axb3 {[%clk 0:19:17]} Ra6
{[%clk 0:43:25]} 17. Ra1 {[%clk 0:18:11]} Rb6 {[%clk 0:40:13]} 18. Re1
{[%clk 0:13:56]} Re8 {[%clk 0:35:28]} 19. Ne4 {[%clk 0:11:43]} Bf5
{[%clk 0:31:03]} 20. Nc5 {[%clk 0:12:06]} Rd6 {[%clk 0:29:48]} 21. Qf3
{[%clk 0:01:58]} h5 {[%clk 0:26:16]} 22. h3 {[%clk 0:01:51]} Kg7 {[%clk 0:24:00]}
23. Rad1 {[%clk 0:02:04]} Qb5 {[%clk 0:20:44]} 24. Re5 {[%clk 0:02:08]} b6
{[%clk 0:19:51]} 25. Nb7 {[%clk 0:00:53]} Rf6 {[%clk 0:17:23]} 26. d6
{[%clk 0:01:02]} Qd7 {[%clk 0:16:16]} 27. Rc1 {[%clk 0:01:00]} exd6
{[%clk 0:09:38]} 28. Rxe8 {[%clk 0:01:19]} Qxe8 {[%clk 0:09:52]} 29. Qc6
{[%clk 0:01:44]} Qxc6 {[%clk 0:04:58]} 30. Rxc6 {[%clk 0:02:10]} Be4
{[%clk 0:05:09]} 31. Rxb6 {[%clk 0:02:08]} Bxb7 {[%clk 0:05:34]} 32. Rxb7
{[%clk 0:02:35]} Rf4 {[%clk 0:05:57]} 33. d5 {[%clk 0:01:10]} Rd4
{[%clk 0:06:18]} 34. Rb5 {[%clk 0:01:34]} Rd1+ {[%clk 0:06:12]} 35. Kh2
{[%clk 0:02:00]} Rd2 {[%clk 0:06:15]} 36. f3 {[%clk 0:01:05]} Rxb2
{[%clk 0:06:11]} 37. Rxa5 {[%clk 0:01:23]} Rxb3 {[%clk 0:05:50]} 38. Ra6
{[%clk 0:01:48]} Rd3 {[%clk 0:05:59]} 39. Rxd6 {[%clk 0:02:12]} Kf8
{[%clk 0:06:17]} 40. h4 {[%clk 0:01:37]} Ke7 {[%clk 0:06:39]} 41. Ra6
{[%clk 0:01:59]} Rxd5 {[%clk 0:07:05]} 42. Kg3 {[%clk 0:02:23]} Rd4
{[%clk 0:07:22]} 43. Rb6 {[%clk 0:02:46]} 1/2-1/2

[Event "Asian Nations Cup - Women"]
[Site "http://asianchess.com/live/mnations/ancw/"]
[Date "2016.03.28"]
[Round "1"]
[Board "4"]
[White "Guo, Qi"]
[Black "Dauletova, Gulmira"]
[Result "1-0"]
[WhiteElo "2435"]
[BlackElo "2269"]
[PlyCount "0"]
[EventDate "2016.03.28"]
[EventType "team"]
[EventRounds "9"]
[EventCountry "UAE"]
[WhiteTeam "China"]
[BlackTeam "Kazakhstan"]

1. d4 {[%clk 1:30:56]} Nf6 {[%clk 1:30:05]} 2. Nf3 {[%clk 1:30:51]} d5
{[%clk 1:30:13]} 3. c4 {[%clk 1:30:38]} e6 {[%clk 1:30:07]} 4. Nc3
{[%clk 1:29:15]} Bb4 {[%clk 1:29:22]} 5. cxd5 {[%clk 1:29:05]} exd5
{[%clk 1:28:43]} 6. Bf4 {[%clk 1:29:24]} O-O {[%clk 1:28:09]} 7. e3
{[%clk 1:27:15]} c5 {[%clk 1:26:16]} 8. dxc5 {[%clk 1:27:22]} Ne4
{[%clk 1:23:43]} 9. Rc1 {[%clk 1:25:45]} Qa5 {[%clk 1:18:52]} 10. Bd3
{[%clk 1:23:28]} Na6 {[%clk 0:56:40]} 11. O-O {[%clk 1:09:50]} Bxc3
{[%clk 0:50:27]} 12. bxc3 {[%clk 1:07:28]} Naxc5 {[%clk 0:49:54]} 13. Bb1
{[%clk 1:02:11]} Be6 {[%clk 0:44:41]} 14. Qd4 {[%clk 0:46:23]} Rfd8
{[%clk 0:34:04]} 15. Qb4 {[%clk 0:28:19]} Qa6 {[%clk 0:29:10]} 16. Nd4
{[%clk 0:28:14]} Rac8 {[%clk 0:26:39]} 17. Rfd1 {[%clk 0:28:16]} Nd6
{[%clk 0:10:36]} 18. Nb3 {[%clk 0:21:22]} Qb6 {[%clk 0:07:53]} 19. Bxd6
{[%clk 0:18:52]} Rxd6 {[%clk 0:07:48]} 20. Qh4 {[%clk 0:19:07]} h6
{[%clk 0:05:32]} 21. Nd4 {[%clk 0:18:54]} Qd8 {[%clk 0:05:16]} 22. Qf4
{[%clk 0:18:58]} Rd7 {[%clk 0:05:01]} 23. h4 {[%clk 0:17:16]} a6 {[%clk 0:05:21]}
24. Nf3 {[%clk 0:13:33]} b5 {[%clk 0:03:11]} 25. Ne5 {[%clk 0:10:33]} Rd6
{[%clk 0:03:40]} 26. Bc2 {[%clk 0:09:40]} Qe7 {[%clk 0:01:43]} 27. Qd4
{[%clk 0:08:03]} Rdd8 {[%clk 0:00:59]} 28. a4 {[%clk 0:07:42]} Qc7
{[%clk 0:00:44]} 29. axb5 {[%clk 0:07:10]} axb5 {[%clk 0:01:14]} 30. h5
{[%clk 0:05:31]} Rb8 {[%clk 0:01:08]} 31. Rb1 {[%clk 0:04:11]} Rdc8
{[%clk 0:01:16]} 32. Rdc1 {[%clk 0:04:30]} Qe7 {[%clk 0:00:50]} 33. Nf3
{[%clk 0:03:50]} Qd7 {[%clk 0:00:55]} 34. Qf4 {[%clk 0:02:57]} Qc7
{[%clk 0:01:24]} 35. Qxc7 {[%clk 0:03:10]} Rxc7 {[%clk 0:01:53]} 36. Nd4
{[%clk 0:03:35]} Bd7 {[%clk 0:02:05]} 37. f3 {[%clk 0:03:51]} Kf8
{[%clk 0:01:54]} 38. Ne2 {[%clk 0:03:39]} Be6 {[%clk 0:01:17]} 39. Rb2
{[%clk 0:03:39]} Ke7 {[%clk 0:01:04]} 40. Rcb1 {[%clk 0:04:04]} Bd7
{[%clk 0:01:13]} 41. Nf4 {[%clk 0:03:42]} Bc6 {[%clk 0:00:58]} 42. Ra2
{[%clk 0:01:57]} Nd7 {[%clk 0:23:56]} 43. Kf2 {[%clk 0:28:36]} Nf6
{[%clk 0:17:37]} 44. g4 {[%clk 0:27:43]} Bd7 {[%clk 0:17:44]} 45. Ne2
{[%clk 0:27:52]} Be6 {[%clk 0:16:03]} 46. Rab2 {[%clk 0:28:13]} Rc5
{[%clk 0:16:12]} 47. Bd3 {[%clk 0:28:22]} Bd7 {[%clk 0:16:34]} 48. Ra2
{[%clk 0:26:42]} Rb7 {[%clk 0:16:09]} 49. Ra5 {[%clk 0:24:15]} Ne8
{[%clk 0:15:53]} 50. Rba1 {[%clk 0:20:30]} Nd6 {[%clk 0:13:10]} 51. Ra7
{[%clk 0:20:49]} Rcc7 {[%clk 0:12:05]} 52. Rxb7 {[%clk 0:21:10]} Rxb7
{[%clk 0:12:31]} 53. Nd4 {[%clk 0:20:59]} b4 {[%clk 0:07:11]} 54. cxb4
{[%clk 0:20:57]} Rxb4 {[%clk 0:07:41]} 55. Ra5 {[%clk 0:21:00]} Rb2+
{[%clk 0:08:09]} 56. Kg3 {[%clk 0:21:06]} Be6 {[%clk 0:06:51]} 57. Kf4
{[%clk 0:19:05]} Rb7 {[%clk 0:06:41]} 58. Ra6 {[%clk 0:17:30]} Ne8
{[%clk 0:05:05]} 59. Ra8 {[%clk 0:15:14]} Nf6 {[%clk 0:03:33]} 60. Bf5
{[%clk 0:14:46]} Rc7 {[%clk 0:02:30]} 61. Bxe6 {[%clk 0:14:38]} fxe6
{[%clk 0:02:56]} 62. Ra6 {[%clk 0:15:02]} Kf7 {[%clk 0:00:44]} 63. Rxe6
{[%clk 0:15:06]} Rd7 {[%clk 0:00:36]} 64. Ra6 {[%clk 0:15:29]} Rc7
{[%clk 0:00:53]} 65. Nf5 {[%clk 0:15:12]} Rd7 {[%clk 0:00:55]} 66. Ke5
{[%clk 0:15:27]} Rc7 {[%clk 0:01:08]} 67. Nxh6+ {[%clk 0:15:42]} Ke7
{[%clk 0:00:47]} 68. Nf5+ {[%clk 0:15:43]} Kf7 {[%clk 0:01:14]} 69. h6
{[%clk 0:15:53]} Nd7+ {[%clk 0:00:46]} 70. Ke4 1-0

[Event "Asian Nations Cup - Women"]
[Site "http://asianchess.com/live/mnations/ancw/"]
[Date "2016.03.28"]
[Round "1"]
[Board "3"]
[White "Jehad, Aysha"]
[Black "Tokhirjonova, Gulrukhbegim"]
[Result "0-1"]
[WhiteElo "1597"]
[BlackElo "2259"]
[PlyCount "0"]
[EventDate "2016.03.28"]
[EventType "team"]
[EventRounds "9"]
[EventCountry "UAE"]
[WhiteTeam "UAE - 2"]
[BlackTeam "Uzbekistan"]

1. e4 {[%clk 1:30:55]} e5 {[%clk 1:30:16]} 2. Nf3 {[%clk 1:31:05]} Nc6
{[%clk 1:30:32]} 3. Bb5 {[%clk 1:31:11]} a6 {[%clk 1:30:48]} 4. Ba4
{[%clk 1:31:33]} Nf6 {[%clk 1:31:01]} 5. O-O {[%clk 1:31:32]} Be7
{[%clk 1:31:20]} 6. Re1 b5 {[%clk 1:31:10]} 7. Bb3 {[%clk 1:30:49]} O-O
{[%clk 1:30:06]} 8. c3 {[%clk 1:28:30]} d6 {[%clk 1:29:29]} 9. d4
{[%clk 1:24:27]} Bg4 {[%clk 1:28:55]} 10. d5 {[%clk 1:21:51]} Na5
{[%clk 1:29:01]} 11. Bc2 {[%clk 1:22:08]} c6 {[%clk 1:29:07]} 12. a4
{[%clk 1:03:21]} cxd5 {[%clk 1:23:53]} 13. exd5 {[%clk 0:59:19]} Nc4
{[%clk 1:22:14]} 14. Nbd2 {[%clk 0:34:19]} Nb6 {[%clk 1:19:20]} 15. a5
{[%clk 0:25:33]} Nbxd5 {[%clk 1:14:33]} 16. Ne4 {[%clk 0:22:55]} Nc7
{[%clk 1:11:52]} 17. h3 {[%clk 0:21:48]} Bh5 {[%clk 1:04:50]} 18. Ng3
{[%clk 0:20:36]} Bg6 {[%clk 1:04:34]} 19. Nf5 {[%clk 0:18:46]} Bxf5
{[%clk 1:01:01]} 20. Bxf5 {[%clk 0:18:50]} g6 {[%clk 1:01:14]} 21. Bc2
{[%clk 0:17:07]} Ne6 {[%clk 1:01:32]} 22. Be3 {[%clk 0:12:33]} Qc7
{[%clk 1:00:11]} 23. Bb6 {[%clk 0:10:09]} Qc6 {[%clk 0:59:56]} 24. Rc1
{[%clk 0:07:21]} Bd8 {[%clk 0:58:01]} 25. Bxd8 {[%clk 0:06:36]} Raxd8
{[%clk 0:58:17]} 26. Qe2 {[%clk 0:05:17]} Nf4 {[%clk 0:57:50]} 27. Qe3
{[%clk 0:03:39]} Rfe8 {[%clk 0:57:05]} 28. Rcd1 {[%clk 0:02:49]} Kg7
{[%clk 0:54:49]} 29. Be4 {[%clk 0:01:46]} Nxe4 {[%clk 0:54:48]} 30. Qxe4
{[%clk 0:02:12]} Qxe4 {[%clk 0:52:15]} 31. Rxe4 {[%clk 0:02:39]} f6
{[%clk 0:52:31]} 32. h4 {[%clk 0:01:50]} d5 {[%clk 0:51:34]} 33. Re3
{[%clk 0:01:22]} Ne6 {[%clk 0:50:28]} 34. Ne1 {[%clk 0:01:09]} d4
{[%clk 0:48:26]} 35. cxd4 {[%clk 0:01:22]} Nxd4 {[%clk 0:46:21]} 36. Red3
{[%clk 0:01:23]} Rd6 {[%clk 0:43:52]} 37. Nc2 {[%clk 0:01:03]} Red8
{[%clk 0:44:01]} 38. Kf1 {[%clk 0:00:49]} Kf7 {[%clk 0:43:53]} 39. f4
{[%clk 0:00:54]} Ke6 {[%clk 0:43:44]} 40. Nxd4+ {[%clk 0:00:57]} Rxd4
{[%clk 0:43:57]} 41. Rxd4 {[%clk 0:00:49]} Rxd4 {[%clk 0:42:24]} 42. Rxd4
{[%clk 0:01:06]} exd4 {[%clk 0:42:49]} 43. Ke2 {[%clk 0:01:13]} Kd5
{[%clk 0:42:09]} 44. Kd3 {[%clk 0:01:20]} f5 {[%clk 0:42:24]} 45. b3
{[%clk 0:00:59]} b4 {[%clk 0:42:37]} 46. g3 {[%clk 0:29:45]} h5 {[%clk 1:13:31]}
47. Kd2 {[%clk 0:29:58]} Ke4 {[%clk 1:13:55]} 48. Ke2 {[%clk 0:30:20]} d3+
{[%clk 1:14:20]} 49. Kd2 {[%clk 0:30:30]} Kd4 {[%clk 1:14:48]} 50. Kd1
{[%clk 0:30:49]} Ke5 0-1

[Event "Asian Nations Cup - Women"]
[Site "http://asianchess.com/live/mnations/ancw/"]
[Date "2016.03.29"]
[Round "2"]
[Board "2"]
[White "Tania, Sachdev"]
[Black "Zhao, Xue"]
[Result "1/2-1/2"]
[WhiteElo "2370"]
[BlackElo "2504"]
[PlyCount "0"]
[EventDate "2016.03.28"]
[EventType "team"]
[EventRounds "9"]
[EventCountry "UAE"]
[WhiteTeam "India"]
[BlackTeam "China"]

1. d4 {[%clk 1:30:40]} Nf6 {[%clk 1:30:24]} 2. c4 {[%clk 1:31:04]} e6
{[%clk 1:30:50]} 3. Nf3 {[%clk 1:31:16]} Bb4+ {[%clk 1:30:47]} 4. Bd2
{[%clk 1:31:37]} a5 {[%clk 1:31:01]} 5. g3 {[%clk 1:31:39]} d6 {[%clk 1:31:09]}
6. Bg2 {[%clk 1:31:30]} Nbd7 {[%clk 1:31:30]} 7. O-O {[%clk 1:30:58]} e5
{[%clk 1:31:55]} 8. Bc1 {[%clk 1:24:49]} exd4 {[%clk 1:29:56]} 9. Nxd4
{[%clk 1:24:44]} a4 {[%clk 1:25:09]} 10. Nc2 {[%clk 1:15:42]} Bc5
{[%clk 1:25:06]} 11. Nc3 {[%clk 1:14:14]} O-O {[%clk 1:20:37]} 12. Rb1
{[%clk 1:07:57]} Re8 {[%clk 1:12:17]} 13. b3 {[%clk 1:06:34]} axb3
{[%clk 1:12:29]} 14. axb3 {[%clk 1:06:59]} h6 {[%clk 1:05:51]} 15. Bb2
{[%clk 1:05:56]} Bb6 {[%clk 0:59:47]} 16. Na4 {[%clk 1:00:51]} Ba7
{[%clk 0:58:43]} 17. Ra1 {[%clk 1:01:12]} Bb8 {[%clk 0:41:05]} 18. Ne3
{[%clk 0:52:08]} c6 {[%clk 0:32:45]} 19. Qc2 {[%clk 0:48:03]} Ra5
{[%clk 0:27:39]} 20. Nc3 {[%clk 0:41:23]} Nf8 {[%clk 0:16:40]} 21. Rxa5
{[%clk 0:39:08]} Qxa5 {[%clk 0:17:05]} 22. Ne4 {[%clk 0:38:07]} Nxe4
{[%clk 0:15:12]} 23. Bxe4 {[%clk 0:36:20]} Bh3 {[%clk 0:13:27]} 24. Ra1
{[%clk 0:22:46]} Qh5 {[%clk 0:11:37]} 25. Bf3 {[%clk 0:22:22]} Qg5
{[%clk 0:10:15]} 26. Bg2 {[%clk 0:19:33]} Bxg2 {[%clk 0:07:01]} 27. Kxg2
{[%clk 0:19:41]} Ne6 {[%clk 0:05:47]} 28. Qf5 {[%clk 0:18:00]} Bc7
{[%clk 0:05:26]} 29. h4 {[%clk 0:14:59]} Qxf5 {[%clk 0:05:13]} 30. Nxf5
{[%clk 0:15:26]} f6 {[%clk 0:02:21]} 31. e3 {[%clk 0:12:27]} h5 {[%clk 0:01:45]}
32. Ra7 {[%clk 0:06:05]} Rb8 {[%clk 0:02:11]} 33. Nd4 {[%clk 0:05:32]} Bb6
{[%clk 0:02:30]} 34. Ra1 {[%clk 0:05:54]} Kf7 {[%clk 0:01:12]} 35. Nxe6
{[%clk 0:05:32]} Kxe6 {[%clk 0:01:38]} 36. Bd4 {[%clk 0:02:23]} c5
{[%clk 0:01:44]} 37. Bc3 {[%clk 0:02:46]} d5 {[%clk 0:02:08]} 38. Kf3
{[%clk 0:01:35]} Rd8 {[%clk 0:01:58]} 39. Ba5 {[%clk 0:01:17]} Ra8
{[%clk 0:01:24]} 40. Bc3 {[%clk 0:01:17]} Rxa1 {[%clk 0:01:24]} 41. Bxa1
{[%clk 0:01:45]} Bc7 {[%clk 0:00:59]} 42. Bb2 {[%clk 0:22:07]} Bd8
{[%clk 0:26:38]} 43. Ke2 {[%clk 0:16:22]} g5 {[%clk 0:18:53]} 44. hxg5
{[%clk 0:16:07]} fxg5 {[%clk 0:19:20]} 45. f4 {[%clk 0:16:04]} dxc4
{[%clk 0:13:04]} 46. bxc4 {[%clk 0:16:28]} Kf5 {[%clk 0:13:26]} 47. fxg5
{[%clk 0:15:59]} Bxg5 {[%clk 0:13:42]} 48. Kf3 {[%clk 0:16:23]} Be7
{[%clk 0:13:37]} 49. Ke4+ Ke5+ 1/2-1/2

[Event "Asian Nations Cup - Women"]
[Site "http://asianchess.com/live/mnations/ancw/"]
[Date "2016.03.29"]
[Round "2"]
[Board "1"]
[White "Nomin-Erdene, Davaademberel"]
[Black "Saleh, Nora Mohd"]
[Result "1-0"]
[WhiteElo "2489"]
[BlackElo "1920"]
[PlyCount "0"]
[EventDate "2016.03.28"]
[EventType "team"]
[EventRounds "9"]
[EventCountry "UAE"]
[WhiteTeam "Mongolia"]
[BlackTeam "UAE - 1"]

1. e4 {[%clk 1:30:57]} c5 {[%clk 1:30:40]} 2. Nf3 {[%clk 1:31:21]} e6
{[%clk 1:30:37]} 3. d4 {[%clk 1:31:46]} cxd4 {[%clk 1:31:02]} 4. Nxd4
{[%clk 1:32:11]} a6 {[%clk 1:30:50]} 5. c4 {[%clk 1:32:32]} Nf6 {[%clk 1:31:01]}
6. Nc3 {[%clk 1:32:51]} Bb4 {[%clk 1:30:36]} 7. Bd3 {[%clk 1:32:46]} Nc6
{[%clk 1:29:13]} 8. Nde2 {[%clk 1:31:39]} d5 {[%clk 1:23:10]} 9. O-O
{[%clk 1:17:35]} d4 {[%clk 1:10:35]} 10. Nb1 {[%clk 1:17:21]} Ng4
{[%clk 1:02:28]} 11. h3 {[%clk 1:13:30]} Nge5 {[%clk 1:00:49]} 12. f4
{[%clk 1:12:15]} Nxd3 {[%clk 0:58:30]} 13. Qxd3 {[%clk 1:12:41]} Bc5
{[%clk 0:56:45]} 14. a3 {[%clk 1:12:06]} a5 {[%clk 0:56:02]} 15. Nd2
{[%clk 1:09:45]} b6 {[%clk 0:55:45]} 16. b3 {[%clk 1:06:19]} O-O {[%clk 0:43:36]}
17. Nf3 {[%clk 1:02:06]} Ra7 {[%clk 0:42:04]} 18. Bd2 {[%clk 0:47:47]} Rd7
{[%clk 0:35:22]} 19. Ne1 {[%clk 0:39:56]} e5 {[%clk 0:30:09]} 20. Nf3
{[%clk 0:33:20]} f6 {[%clk 0:26:52]} 21. Ng3 {[%clk 0:25:34]} Rdf7
{[%clk 0:21:45]} 22. fxe5 {[%clk 0:13:59]} fxe5 {[%clk 0:21:20]} 23. b4
{[%clk 0:12:20]} axb4 {[%clk 0:21:11]} 24. axb4 {[%clk 0:12:46]} Bxb4
{[%clk 0:20:28]} 25. Bxb4 {[%clk 0:13:03]} Nxb4 {[%clk 0:20:53]} 26. Qb3
{[%clk 0:13:25]} Nc6 {[%clk 0:20:05]} 27. Rab1 {[%clk 0:09:55]} Na5
{[%clk 0:17:28]} 28. Qb5 {[%clk 0:08:43]} Bxh3 {[%clk 0:15:36]} 29. Nxe5
{[%clk 0:06:52]} Rxf1+ {[%clk 0:15:56]} 30. Nxf1 {[%clk 0:07:19]} Be6
{[%clk 0:15:15]} 31. Qxb6 {[%clk 0:05:47]} Qxb6 {[%clk 0:14:33]} 32. Rxb6
{[%clk 0:06:12]} Bxc4 {[%clk 0:14:42]} 33. Nd2 {[%clk 0:06:35]} Be2
{[%clk 0:14:22]} 34. Rd6 {[%clk 0:04:02]} Re8 {[%clk 0:12:01]} 35. Nef3
{[%clk 0:02:46]} Nc4 {[%clk 0:10:31]} 36. Nxc4 {[%clk 0:02:44]} Bxc4
{[%clk 0:10:59]} 37. Rxd4 {[%clk 0:03:07]} Bb5 {[%clk 0:09:33]} 38. Kf2
{[%clk 0:03:36]} h6 {[%clk 0:09:39]} 39. Ke3 {[%clk 0:03:50]} Bc6
{[%clk 0:09:23]} 40. Nh4 {[%clk 0:04:04]} Kf7 {[%clk 0:08:34]} 41. Nf5
{[%clk 0:03:52]} Re6 {[%clk 0:07:58]} 42. Rc4 {[%clk 0:22:07]} Kf6
{[%clk 0:33:53]} 43. Ng3 {[%clk 0:20:41]} g6 {[%clk 0:33:10]} 44. Rb4
{[%clk 0:18:33]} h5 {[%clk 0:30:06]} 45. Ne2 {[%clk 0:16:41]} Kg5
{[%clk 0:22:55]} 46. Nf4 {[%clk 0:13:35]} Re5 {[%clk 0:21:27]} 47. Nd3
{[%clk 0:10:17]} Re8 {[%clk 0:19:07]} 48. Nc5 {[%clk 0:09:48]} Re7
{[%clk 0:15:54]} 49. Rb6 {[%clk 0:09:30]} Be8 {[%clk 0:14:24]} 50. Kd4
{[%clk 0:07:13]} Bf7 {[%clk 0:13:59]} 51. e5 {[%clk 0:07:39]} Kh6
{[%clk 0:12:35]} 52. e6 {[%clk 0:07:32]} Be8 {[%clk 0:12:39]} 53. Ke5
{[%clk 0:07:50]} Kg7 {[%clk 0:12:34]} 54. Kd6 {[%clk 0:07:09]} Kf8
{[%clk 0:11:57]} 55. Nd7+ {[%clk 0:07:11]} Bxd7 {[%clk 0:11:01]} 56. exd7
{[%clk 0:07:36]} Rxd7+ {[%clk 0:11:29]} 57. Kxd7 {[%clk 0:07:56]} Kf7
{[%clk 0:11:47]} 58. Re6 {[%clk 0:07:47]} Kg7 {[%clk 0:11:46]} 59. Kd6
{[%clk 0:08:08]} Kh6 {[%clk 0:12:00]} 60. Ke5 {[%clk 0:08:18]} Kg5
{[%clk 0:12:14]} 61. g3 {[%clk 0:08:25]} 1-0

[Event "Asian Nations Cup - Women"]
[Site "http://asianchess.com/live/mnations/ancw/"]
[Date "2016.03.29"]
[Round "2"]
[Board "3"]
[White "Amina, Battsooj"]
[Black "Abeer, Ali"]
[Result "1-0"]
[WhiteElo "2250"]
[BlackElo "1644"]
[PlyCount "0"]
[EventDate "2016.03.28"]
[EventType "team"]
[EventRounds "9"]
[EventCountry "UAE"]
[WhiteTeam "Mongolia"]
[BlackTeam "UAE - 1"]

1. e4 {[%clk 1:30:57]} c6 {[%clk 1:30:44]} 2. Nf3 {[%clk 1:31:15]} d5
{[%clk 1:30:40]} 3. Nc3 {[%clk 1:31:29]} dxe4 {[%clk 1:29:11]} 4. Nxe4
{[%clk 1:31:52]} Bg4 {[%clk 1:27:40]} 5. Bc4 {[%clk 1:29:14]} e6 {[%clk 1:19:47]}
6. h3 {[%clk 1:26:48]} Bh5 {[%clk 1:13:57]} 7. Ng3 {[%clk 1:21:51]} Bxf3
{[%clk 1:10:28]} 8. Qxf3 {[%clk 1:22:13]} Nd7 {[%clk 1:10:05]} 9. Qe2
{[%clk 1:18:30]} Qc7 {[%clk 1:04:46]} 10. d4 {[%clk 1:17:41]} O-O-O
{[%clk 1:04:11]} 11. c3 {[%clk 1:13:43]} Ngf6 {[%clk 1:02:11]} 12. O-O
{[%clk 0:59:39]} h6 {[%clk 0:55:44]} 13. a4 {[%clk 0:56:31]} g5 {[%clk 0:53:23]}
14. b4 {[%clk 0:42:35]} Rg8 {[%clk 0:43:52]} 15. b5 {[%clk 0:31:40]} c5
{[%clk 0:34:40]} 16. a5 {[%clk 0:28:35]} Nd5 {[%clk 0:31:26]} 17. Qf3
{[%clk 0:21:13]} N7f6 {[%clk 0:21:32]} 18. b6 {[%clk 0:18:22]} axb6
{[%clk 0:20:38]} 19. a6 {[%clk 0:18:28]} bxa6 {[%clk 0:16:51]} 20. Bxa6+
{[%clk 0:17:27]} Kd7 {[%clk 0:04:52]} 21. Nf5 {[%clk 0:10:05]} exf5
{[%clk 0:02:13]} 22. Qxf5+ {[%clk 0:10:29]} Kc6 {[%clk 0:02:21]} 23. c4
{[%clk 0:10:34]} Be7 24. cxd5+ {[%clk 0:10:19]} Rxd5 {[%clk 0:00:43]} 25. Qf3
{[%clk 0:10:40]} g4 {[%clk 0:00:31]} 26. hxg4 {[%clk 0:10:04]} Nxg4
{[%clk 0:00:47]} 27. Bf4 {[%clk 0:08:50]} Bd6 {[%clk 0:00:36]} 28. Bc4
{[%clk 0:09:05]} Nf6 {[%clk 0:00:33]} 29. Bxd6 {[%clk 0:09:14]} Qxd6
{[%clk 0:00:41]} 30. dxc5 {[%clk 0:09:29]} Qxc5 {[%clk 0:00:40]} 31. Bxd5+
{[%clk 0:09:34]} Kxd5 1-0

[Event "Asian Nations Cup - Women"]
[Site "http://asianchess.com/live/mnations/ancw/"]
[Date "2016.03.29"]
[Round "2"]
[Board "3"]
[White "Gevorgyan, Irina"]
[Black "Hejazipour, Mitra"]
[Result "1-0"]
[WhiteElo "2281"]
[BlackElo "2332"]
[PlyCount "0"]
[EventDate "2016.03.28"]
[EventType "team"]
[EventRounds "9"]
[EventCountry "UAE"]
[WhiteTeam "Uzbekistan"]
[BlackTeam "Iran"]

1. Nf3 {[%clk 1:30:57]} c5 {[%clk 1:29:57]} 2. c4 {[%clk 1:31:18]} Nc6
{[%clk 1:29:45]} 3. d4 {[%clk 1:31:09]} cxd4 {[%clk 1:30:09]} 4. Nxd4
{[%clk 1:31:37]} g6 {[%clk 1:27:50]} 5. e4 {[%clk 1:31:24]} Bg7 {[%clk 1:25:38]}
6. Be3 {[%clk 1:30:22]} Nf6 {[%clk 1:25:15]} 7. Nc3 {[%clk 1:30:42]} d6
{[%clk 1:25:25]} 8. Be2 {[%clk 1:29:51]} Nxd4 {[%clk 1:24:47]} 9. Qxd4
{[%clk 1:21:52]} O-O {[%clk 1:24:23]} 10. Qd2 {[%clk 1:22:17]} Bd7
{[%clk 1:23:40]} 11. f3 {[%clk 1:22:09]} a5 {[%clk 1:21:53]} 12. c5
{[%clk 1:14:15]} Ne8 {[%clk 1:10:25]} 13. Rd1 {[%clk 1:12:13]} Bc6
{[%clk 1:06:56]} 14. O-O {[%clk 0:50:22]} Qc7 {[%clk 0:58:57]} 15. Rc1
{[%clk 0:32:16]} dxc5 {[%clk 0:43:48]} 16. Bxc5 {[%clk 0:31:35]} Qe5
{[%clk 0:38:10]} 17. Qe3 {[%clk 0:29:49]} Nd6 {[%clk 0:35:42]} 18. f4
{[%clk 0:21:50]} Qe6 {[%clk 0:35:34]} 19. e5 {[%clk 0:22:09]} Nf5
{[%clk 0:31:42]} 20. Qf2 {[%clk 0:22:30]} Rfd8 {[%clk 0:28:02]} 21. Rfd1
{[%clk 0:21:47]} g5 {[%clk 0:15:24]} 22. Bg4 {[%clk 0:19:10]} Rxd1+
{[%clk 0:11:55]} 23. Rxd1 {[%clk 0:19:04]} h5 {[%clk 0:11:50]} 24. Bxf5
{[%clk 0:17:17]} Qxf5 {[%clk 0:12:16]} 25. Bxe7 {[%clk 0:14:05]} gxf4
{[%clk 0:11:55]} 26. Bf6 {[%clk 0:14:01]} Bxf6 {[%clk 0:10:33]} 27. exf6
{[%clk 0:14:26]} Kh7 {[%clk 0:09:54]} 28. Ne2 {[%clk 0:12:17]} Rg8
{[%clk 0:07:53]} 29. Nxf4 {[%clk 0:10:36]} Rg4 {[%clk 0:07:50]} 30. Nd5
{[%clk 0:08:24]} Qe4 {[%clk 0:03:54]} 31. Ne3 {[%clk 0:07:38]} Rg6
{[%clk 0:03:38]} 32. Re1 {[%clk 0:06:03]} Qd4 {[%clk 0:02:43]} 33. Rd1
{[%clk 0:01:12]} Rxg2+ {[%clk 0:01:14]} 34. Qxg2 {[%clk 0:01:34]} Qxe3+
{[%clk 0:01:39]} 35. Qf2 {[%clk 0:02:01]} Qe4 {[%clk 0:01:30]} 36. Qg3
{[%clk 0:01:01]} Qg4 {[%clk 0:00:42]} 37. Qxg4 {[%clk 0:01:21]} hxg4
{[%clk 0:01:11]} 38. Rd4 {[%clk 0:01:32]} Bf3 {[%clk 0:01:05]} 39. Kf2
{[%clk 0:01:11]} Kg6 {[%clk 0:01:30]} 40. h3 {[%clk 0:01:08]} Kxf6
{[%clk 0:01:03]} 41. hxg4 {[%clk 0:01:21]} Bc6 {[%clk 0:01:28]} 42. Rf4+
{[%clk 0:01:00]} Ke6 {[%clk 0:28:47]} 43. Ke3 {[%clk 0:23:42]} f6
{[%clk 0:26:13]} 44. Kd4 {[%clk 0:22:43]} b6 {[%clk 0:26:36]} 45. Rf2
{[%clk 0:22:49]} Bd7 {[%clk 0:26:44]} 46. Ke4 {[%clk 0:21:24]} Bc6+
{[%clk 0:26:39]} 47. Kf4 {[%clk 0:21:40]} a4 {[%clk 0:26:34]} 48. Re2+
{[%clk 0:20:30]} Kd6 {[%clk 0:26:26]} 49. Rd2+ {[%clk 0:20:08]} Ke6
{[%clk 0:26:46]} 50. Rd8 {[%clk 0:19:33]} b5 {[%clk 0:26:29]} 51. Rb8
{[%clk 0:18:54]} Kd6 {[%clk 0:26:08]} 52. Rb6 {[%clk 0:17:15]} Kd5 53. Ke4+ 1-0